Modern Training for Running. (Record no. 2068)

MARC details
000 -LEADER
fixed length control field 00326nam a22001097a 4500
005 - DATE AND TIME OF LATEST TRANSACTION
control field 20200908144354.0
008 - FIXED-LENGTH DATA ELEMENTS--GENERAL INFORMATION
fixed length control field 200908b ||||| |||| 00| 0 eng d
040 ## - CATALOGING SOURCE
Transcribing agency CML
245 ## - TITLE STATEMENT
Title Modern Training for Running.
Statement of responsibility, etc. Doherty, J.K.
260 ## - PUBLICATION, DISTRIBUTION, ETC.
Place of publication, distribution, etc. Englewood
Name of publisher, distributor, etc. Prentice-Hill, Inc
Date of publication, distribution, etc. 1964
942 ## - ADDED ENTRY ELEMENTS (KOHA)
Source of classification or shelving scheme Dewey Decimal Classification
Koha item type Books
Classification part 796.426
Call number suffix DOH
Holdings
Withdrawn status Lost status Source of classification or shelving scheme Damaged status Not for loan Collection code Home library Current library Shelving location Date acquired Total Checkouts Full call number Date last seen Price effective from Koha item type
    Dewey Decimal Classification     Technology (Applied Sciences) Chalimbana Main Library Chalimbana Main Library The Arts Fine & Decorative Arts 09/08/2020   796.426 DOH 09/08/2020 09/08/2020 Books

Powered by Koha